000
00224nam a2200109Ia 4500
100
_a
#N/A
942
_c
BK
654
_a
object- Oriented
245
_a
Object oriented programming in C++
260
_b
#N/A
546
_a
ENGLISH
999
_c
19597
_d
19597